The heroine and other stories / (Record no. 146439)

MARC details
000 -LEADER
fixed length control field 00631nam a22002057a 4500
005 - DATE AND TIME OF LATEST TRANSACTION
control field 20171011105227.0
010 ## - LCCN (DPL NO)
LC control number ENG-120962
020 ## - INTERNATIONAL STANDARD BOOK NUMBER
Terms of availability 295.00
International Standard Book Number 9788193393598
035 ## - SYSTEM CONTROL NUMBER
System control number EN-104494
037 ## - SOURCE OF ACQUISITION
Source of stock number/acquisition DBAD/PUB
082 ## - DEWEY DECIMAL CLASSIFICATION NUMBER
Classification number S
100 ## - MAIN ENTRY--PERSONAL NAME
Personal name Jayakanthan,D.
245 ## - TITLE STATEMENT
Title The heroine and other stories /
Statement of responsibility, etc by D. Jayankanthan; translated by Deepalakshmi J.; forworded by Ambai
260 ## - PUBLICATION, DISTRIBUTION, ETC. (IMPRINT)
Place of publication, distribution, etc New Delhi
Name of publisher, distributor, etc Niyogi Books
Date of publication, distribution, etc 2017
270 ## - ADDRESS
Address Block D, Building No. 77, Okhla Industrial Area, Phase-I
City New Delhi
Postal code 110020
300 ## - PHYSICAL DESCRIPTION
Extent 157p.
Dimensions 21cm(pbk)
700 ## - ADDED ENTRY--PERSONAL NAME
Personal name Deepalakshmi J.
700 ## - ADDED ENTRY--PERSONAL NAME
Personal name Ambai
942 ## - ADDED ENTRY ELEMENTS (KOHA)
Source of classification or shelving scheme Dewey Decimal Classification
Item type English Books
Classification part S
Call number suffix JAY
Holdings
Withdrawn status Lost status Not for loan Collection code Home library Current library Date acquired Source of acquisition Cost, normal purchase price Full call number Barcode Copy number Cost, replacement price Koha item type
    Not For Loan Fiction D.B.Act.Division Bawana 11/10/2017 DBAD/PUB 295.00 S JAY EN-104494 1 295.00 English Books

© Delhi Public Library
Hit Counter
free hit counter